| 000 | 01725nam a22001577a 4500 | ||
|---|---|---|---|
| 008 | 140625b xxu||||| |||| 00| 0 eng d | ||
| 020 | _a9780387954936 | ||
| 050 | _aQH541.15.S5.E28. | ||
| 100 | _aDale,Virginia H. | ||
| 245 |
_aEcological modeling for resource management. / _cVirginia H.Dale |
||
| 260 |
_aNew York: _bSpringer, _c2003. |
||
| 300 |
_axvii,328p.: _bill.; _c24cm. |
||
| 500 | _aIncludes bibliographical and references | ||
| 505 | _aContents: Opportunities for using ecological models -- Modeling for endangered-species recovery:gray wolves in the western great lakes region -- Modeling fish entrainment and impingement impacts:bridging science and policy -- Large-scale regional assessments:lessons learned from the southern Appalachian assessment -- Overcoming barriers to the use of models in environmental decision making -- Barriers to the use of ecological models in decision making -- Network theory:an evolving approach to landscape conservation -- Evolving approaches and technologies to enhance the role of ecological modeling in decision making -- Data an information issues in modeling for resource management decision making communication is key -- Effective ecological modeling for use in management decisions:data issues -- Effective use of ecological modeling in management:the toolkit concept -- Role of computational toolkit in environmental management -- Science and management investments needed to enhance the use of ecological modeling in decision making -- Education investments in environmental science and management -- What in the world is worth fighting for?using models for environmental security -- New directions in ecological modeling for resource management | ||
| 942 |
_2lcc _cBK |
||
| 999 |
_c3090 _d10590 |
||